000 00339pab a2200145 454500
008 180718b1986 xxu||||| |||| 00| 0 eng d
100 _aCracogna, Dante
245 _aYouth and co - operation
260 _c1986
300 _a33-9
362 _aDec.
650 _aYouth
773 _aReview of International Cooperation
909 _a21084
999 _c21084
_d21084